000 00632nam a2200205Ia 4500
003 OSt
005 20251205113144.0
008 210210b2003 xxu||||| |||| 00| 0 eng d
040 _cAL
041 _aKannada
082 _aK894.1 NARM
100 _aNarasimhasvami K S
_9199618
110 _aನರಸಿಂಹಸ್ವಾಮಿ ಕೆ ಎಸ್
_9247796
245 _aMaunadali mata hudukutta
_b: ಮೌನದಲಿ ಮಾತ ಹುಡುಕುತ್ತ
260 _aMaisuru
_bJagadguru shri shivaratrishvara grantamale
_c2003
300 _aviii,65p
690 _aKannada Poetry
_9199619
906 _a058255
942 _2ddc
_cBK
999 _c105365
_d105365